| 000 | 00000nam##2200000za#4500 |
| 001 | 9.691016 |
| 003 | CaOODSP |
| 005 | 20210624232602 |
| 007 | cr ||||||||||| |
| 008 | 150407|2008||||xxc|||||o f|0| 0 eng|d |
| 020 | |a978-0-662-48675-6 |
| 040 | |aCaOODSP|beng |
| 043 | |an-cn--- |
| 086 | 1 |aFs104-16/2008E-PDF |
| 110 | 1 |aCanada. |bDepartment of Fisheries and Oceans. |
| 245 | 10|aMusquash Estuary Marine Protected Area |h[electronic resource] |
| 260 | |bFisheries and Oceans Canada |cc2008. |
| 300 | |a2p.|bcoloured map, photographs |
| 590 | |a11-01-Supp|b2011-01-11 |
| 690 | 07|aMarine conservation areas|2gcpds |
| 775 | 08|tZone de protection marine de l'estuaire de la Musquash |w(CaOODSP)9.635358 |
| 776 | 0#|tMusquash Estuary Marine Protected Area |w(CaOODSP)9.651191 |
| 856 | 40|ahttp://publications.gc.ca|qPDF|s492 KB|uhttps://publications.gc.ca/collections/collection_2010/mpo-dfo/Fs104-16-2008-eng.pdf |
| 986 | |aDFO/2008-1452 |